Statistics for Movies By 1 Actor and 1 Actress - Mark Wahlberg Edition

Click here to take the quiz!

General Stats

  • This quiz has been taken 7 times
  • The average score is 9 of 26

Answer Stats

CastMovie% Correct
Mila Kunis, Seth MacFarlaneTed
100%
Will Ferrell, Linda CardelliniDaddy's Home
71%
Matt Damon, Vera FarmigaThe Departed
57%
Will Ferrell, Eva MendesThe Other Guys
57%
Burt Reynolds, Julianne MooreBoogie Nights
43%
Kurt Russell, Kate HudsonDeepwater Horizon
43%
Lauren Cohan, John MalkovichMile 22
43%
Kevin Bacon, Michelle MonaghanPatriots Day
43%
Michael Pena, Kate MaraShooter
43%
Charlize Theron, Edward NortonThe Italian Job
43%
Denzel Washington, Paula Patton2 Guns
29%
Michelle Williams, Christopher PlummerAll the Money in the World
29%
Mel Gibson, Jacki WeaverFather Stu
29%
Chiwetel Ejiofor, Sophie CooksonInfinite
29%
Kevin Hart, Regina KingMe Time
29%
Dwayne Johnson, Rebel WilsonPain & Gain
29%
Tim Roth, Helena Bonham CarterPlanet of the Apes
29%
Leonardo DiCaprio, Lorraine BraccoThe Basketball Diaries
29%
Christian Bale, Amy AdamsThe Fighter
29%
Zooey Deschanel, John LeguizamoThe Happening
29%
George Clooney, Diane LaneThe Perfect Storm
29%
Ice Cube, Nora DunnThree Kings
29%
Mila Kunis, LudacrisMax Payne
14%
Alan Arkin, Iliza SchlesingerSpenser Confidential
14%
Christina Applegate, Bokeem WoodbineThe Big Hit
14%
Stanley Tucci, Nicola PeltzTransformers: Age of Extinction
14%

Score Distribution

Percentile by Number Answered

Percent of People with Each Score

Your Score History

You have not taken this quiz